| 000 | 00718nam a22001337a 4500 | ||
|---|---|---|---|
| 040 | _cRUA | ||
| 082 | _aAGR KIM 2013V BO55 Or.1 | ||
| 100 | _aKIM, THEARO | ||
| 245 | _aComparison of various substate growth conditions on staw mushrooms at royal university of agriculture ប្រៀបធៀបលក្ខខណ្ឌស៊ុបស្រ្តាតដុះលូតលាស់ខុសៗក្នានៃផ្សិតចំបើង នៅសាកលវិទ្យាល័យភូមិន្ធកសិកម្ម . | ||
| 260 |
_aphnom phen _bRUA _c2013 |
||
| 300 |
_aIX,40p. _bill. _c29cm. |
||
| 856 | _uhttps://drive.google.com/file/d/1Od4kRgR90Vv7GdRhMOgEa5xJ7Qi3z6M5/view?usp=sharing | ||
| 942 | _cAGR | ||
| 999 |
_c1262 _d1262 |
||